000 00971nam a2200289Ia 4500
001 B4351
003 IT-RoPAU
008 130308s9999 xx 000 0 und d
040 _aIT-RoPAU
040 _cIT-RoPAU
041 _aITALIANO
100 _aFontanille Jacques
100 _gCodice Aut. SPICS: 11748
245 _aPassione negata (La). Un frammento de la Principessa di Cleves
245 _bSemiotica delle Passioni-Saggi di Analisi Semantica e Testuale
250 _a1a ed.
260 _aBOLOGNA
260 _bEsculapio
260 _c1991 [1° Ed.:1991 - Ed.Ling.Originale:1991]
300 _a"18 p. (prefazione: no ; testo: 18 [pagine: 79-96])"
500 _aModalizzazioni Sociali e Individuali. Tumulto Modale. Tensivo e Quantitativo. presenza del Simulacro. scambi di Simulacri. schemi Discorsivi. Valori,Valenze e Assiologie.
650 _aSEMIOLOGIA
650 _eCodice materia Spics: 3251
942 _cBK
957 _71
999 _c78237
_d78237
999 _g1